Statistics for Oliver Tree Charting Songs (Billboard Hot Rock)

Click here to take the quiz!

General Stats

  • This quiz has been taken 37 times
    (16 since last reset)
  • The average score is 5 of 14

Answer Stats

AlbumWeeks OnPeakArtist(s)Song% Correct
Ugly Is Beautiful: Shorter, Thicker & Uglier26 Weeks#7Oliver TreeLife Goes On
100%
Ugly is Beautiful6 Weeks#13Oliver TreeCash Machine
67%
Ugly is Beautiful1 Week#32Oliver Tree ft. Little Ricky ZR31993
44%
Ugly is Beautiful1 Week#23Oliver TreeJerk
44%
Ugly is Beautiful3 Weeks#34Oliver TreeBury Me Alive
33%
Cowboy Tears8 Weeks#18Oliver TreeCowboys Don't Cry
33%
Do You Feel Me? and Ugly is Beautiful26 Weeks#11Oliver TreeHurt
33%
Ugly is Beautiful19 Weeks#9Oliver TreeLet Me Down
33%
Ugly is Beautiful1 Week#29Oliver TreeMe Myself & I
33%
Do You Feel Me? and Ugly is Beautiful16 Weeks#22Oliver TreeMiracle Man
33%
Non-Album Single6 Weeks#30BoyWithUke ft. Oliver TreeSick of U
33%
Ugly is Beautiful1 Week#47Oliver TreeI'm Gone
22%
Ugly is Beautiful1 Week#50Oliver TreeJoke's on You!
22%
Cowboy Tears1 Week#31Oliver TreeSwing & A Miss
11%

Score Distribution

Percentile by Number Answered

Percent of People with Each Score

Your Score History

You have not taken this quiz since the last reset